Five on a secret trail

Bibliographic Details
Main Author: Blyton, Enid
Format: Book
Published: London : Award Publications , 1992
Series:The famous five
Subjects:

MARC

LEADER 00000cam a2200000 7i4500
001 0000003366
002 000003631
005 20000330.0
020 |a 0861636007 
090 0 0 |a JF   |b BLY 
100 1 |a Blyton, Enid 
245 1 0 |a Five on a secret trail   |c Enid Blyton ; illustrated by Jolyne Knox 
260 |a London :   |b Award Publications ,   |c 1992 
300 |a 155p. :   |b ill. ;   |c 19cm. 
490 0 |a The famous five 
650 0 0 |a Adventure stories 
999 |a 031263   |b BUKU   |c PINJAMAN   |e PERPUSTAKAAN KOMUNITI PETALING JAYA 
999 |a 031264   |b BUKU   |c PINJAMAN   |e PERPUSTAKAAN KOMUNITI PETALING JAYA 
999 |a 041247   |b BUKU   |c PINJAMAN   |e PERPUSTAKAAN KOMUNITI PETALING JAYA 
999 |a 041248   |b BUKU   |c PINJAMAN   |e PERPUSTAKAAN KOMUNITI PETALING JAYA 
999 |a 041249   |b BUKU   |c PINJAMAN   |e PERPUSTAKAAN KOMUNITI PETALING JAYA